000 00420nam a2200157Ia 4500
008 210719s1971 xx 000 0 und d
041 _aeng
082 _a658.87 MARR
100 _aMARKIN (Rom J), Ed.
245 _aRetailing concepts, institutions and management.
260 _aLondon.
_bThe Macmillan Co.
_c1971
300 _axiv,398
_bPB
365 _cRs
650 _aSalesmanship
906 _aRetailing Marketing
999 _c212438
_d212438